LEGUME RESEARCH (Record no. 9113)

MARC details
000 -LEADER
fixed length control field 00379nam a2200133Ia 4500
022 ## - INTERNATIONAL STANDARD SERIAL NUMBER
ISSN 0250-5371
245 #0 - TITLE STATEMENT
Title LEGUME RESEARCH
260 ## - PUBLICATION, DISTRIBUTION, ETC. (IMPRINT)
Name of publisher Agricultural Research Communication Centre, Karnal, Haryana
Place of publication India
310 ## - CURRENT PUBLICATION FREQUENCY
Current publication frequency Q
500 ## - GENERAL NOTE
General note Ending Volume & Year: 11, 1988
500 ## - GENERAL NOTE
General note Starting Volume & Year: 3, 1980
942 ## - ADDED ENTRY ELEMENTS (KOHA)
Koha item type Bound Journal
Holdings
Withdrawn status Lost status Damaged status Not for loan Home library Current library Date acquired Accession Number Koha item type
      Bound journals RRII Library RRII Library 31/12/2021 09072J Bound Journal